00334 a2200121 4500020001400000082001800014100002000032245005000052250001200102260003900114300003300153650002600186 a812032160 a620.11221 MOT aMott, Robert L. aApplied Strength of MaterialscRobert L. Mott a4th ed. aNew Delhi :bAsoke K. Ghosh,c2002 axiv, 704p. :bill . ;c26 cm aStrength of Materials